00721nam a2200265Ia 4500008004100000020001800041050001400059100002200073245002300095245002800118245004600146260001900192260001600211260000900227300001600236300002000252300001000272440002000282500000900302650005000311650004800361700002300409700001200432700001100444181129s9999 xx 000 0 und d a9780531138960 bG618 2008 aGoldberg, Enid A. 0aGrigory Rasputin : 0bholy man or mad monk? / 0cby Enid A. Goldberg and Norman Itzkowitz. aNew York, NY : bScholastic, c2008 a128 pages : billustrations ; c17cm. aWicked history. a530L aRasputin, Grigori Efimovich, ca -- 1870-1916. aRussia -- Court and countries -- Biography. aItzkowitz, Norman. aSeries. aTitle.